000 00375 a2200109 4500
001 ART_58265
005 20260410161958.0
008 260409a
245 1 0 _aLa mora del Congreso Nacional en dictar una ley sobre la insolvencia del consumidor
100 1 _aVanney, Carlos F.
773 0 _tTemas de derecho comercial
_g- Año 9, N° 4 (abr. 2023)
_wREV28151
999 _c30997
_d30997